[Event "Linares"]
[Site "Linares"]
[Date "1994.??.??"]
[Round "?"]
[White "Kasparov, Garry"]
[Black "Anand, Viswanathan"]
[Result "1-0"]
[WhiteElo "2805"]
[BlackElo "2715"]
[Annotator "Kasparov,G"]
[PlyCount "69"]
[EventDate "1994.??.??"]

{60/208} 1. e4 1... c5 2. Nc3 d6 3. Nge2 Nc6 4. d4 cxd4 5. Nxd4 Nf6 6. Bc4 Qb6
7. Nb3 e6 8. Bf4 Ne5 9. Be2 {N} (9. Bb5+) 9... Be7 10. Be3 Qc7 11. f4 11... Nc6
$5 (11... Nc4 12. Nb5 $1 (12. Bxc4 Qxc4 13. Qf3 $13) 12... Qc6 13. Bxc4 Qxc4
14. Qd3 $1 14... Qc6 $1 15. N3d4 $5 (15. Na5 $6 15... Qd7 16. Nc4 (16. e5 $2
16... Nd5 $1 (16... dxe5 $2 17. Qxd7+ Kxd7 18. O-O-O+ Nd5 19. c4 $18) 17. exd6
17... Bd8 $1 18. Bd2 18... a6 $17) 16... d5 (16... Nxe4 17. Nxa7 $13 17... Nc5
18. Bxc5 dxc5 19. Nxc8 Qxd3 20. cxd3 20... Rxc8 $11) 17. Ne5 17... Qd8 $132) (
15. Nxa7 15... Qxe4 $11) 15... Qd7 16. O-O-O $40) 12. Bf3 a6 13. O-O $1 13...
O-O (13... b5 14. e5 $1 14... dxe5 15. fxe5 15... Nxe5 $1 (15... Nd7 16. Bxc6
Qxc6 17. Nd4 $1 (17. Na5 $6 17... Qc7 18. Qf3 O-O 19. Qxa8 19... Qxa5 $44)
17... Qc7 $5 (17... Qb7 18. Qg4 g6 19. Rxf7 Kxf7 (19... Nxe5 20. Rxe7+ Qxe7 21.
Qe4 $18) 20. Qxe6+ Ke8 21. Nd5 Nc5 22. Nf6+ Kd8 (22... Kf8 23. Bh6#) 23. Nc6+
Kc7 24. Qxe7+ Kxc6 25. Qd6#) 18. Rxf7 $1 (18. Qf3 $6 18... O-O $1 19. Qxa8
19... Bb7 $132) 18... Kxf7 19. Qf3+ $1 (19. Qh5+ $13) 19... Kg8 20. Nd5 $3 (20.
Qxa8 $14) (20. Rf1 Nxe5 21. Qxa8 Qb7 22. Qxb7 Bxb7 23. Nxe6 $16) 20... Nxe5 (
20... exd5 $4 21. Qxd5+ Kf8 22. Ne6+ $18) 21. Nxe7+ Qxe7 22. Qxa8 Qb7 23. Qxb7
Bxb7 24. Nxe6 $16) 16. Bxa8 Neg4 17. Bf4 17... e5 $5 (17... Qa7+ $6 18. Qd4
Qxa8 19. h3 b4 20. Na4 Qc6 21. Nac5 $1 $16) 18. Nd5 Qa7+ (18... Nxd5 19. Qxd5
Qa7+ (19... exf4 20. Qc6+ $1 $18) 20. Nd4 $1 (20. Kh1 exf4 21. Bc6+ Kf8 22.
Rae1 $40) 20... O-O 21. Bxe5 Be6 22. Qe4 $16) 19. Kh1 (19. Nd4 $6 19... O-O 20.
Nxe7+ Qxe7 21. Bg5 Qa7 22. Bf3 22... Rd8 $132) 19... Nxd5 20. Qxd5 exf4 21.
Bc6+ Kf8 22. Rae1 $1 22... g5 $1 (22... Nf2+ $4 23. Rxf2 Qxf2 24. Qd8+ $1 24...
Bxd8 25. Re8#) 23. Nd4 Qc5 24. h3 Qxd5 25. Bxd5 Ne3 26. Rxe3 fxe3 27. Rxf7+ Ke8
28. Rf3 $16) 14. a4 $1 14... b6 15. g4 $1 15... Rb8 $6 (15... d5 16. exd5 Rd8
17. dxc6 Rxd1 18. Raxd1 Bb4 (18... h6 19. g5 hxg5 20. fxg5 Ne8 21. Rd7 Bxd7 22.
cxd7 Rd8 23. dxe8=Q+ 23... Rxe8 $16) 19. f5 $1 (19. Bd4 Qxf4 20. Bxb6 {Rd8}
20... Nxg4 (20... Be7 21. Rd4 Qb8 22. a5 $16) 21. Rd8+ Bf8 22. Rf2 $5 (22. Bxg4
Qxg4+ 23. Kf2 Qh4+ 24. Ke3 24... e5 $1 $13) 22... Nxf2 23. Kxf2 Qxh2+ 24. Ke1
Qg3+ 25. Ke2 Qh2+ (25... Qe5+ 26. Kd3 $16) 26. Kd1 $1 (26. Kd3 e5 27. c7 $1
27... Bf5+ 28. Be4 Qh3+ 29. Kc4 $1 (29. Be3 29... Rc8 $15) 29... Rc8 30. Nc5
$16) 26... Qh3 $1 27. Nd2 e5 28. Bc5 Bb7 (28... Bg4 29. Rxa8 Bxf3+ 30. Nxf3
Qxf3+ 31. Kd2 Qf4+ 32. Kd3 $1 (32. Be3 32... Qc4 $1 $13) 32... Qf3+ 33. Kc4 $18
) 29. Rxf8+ Rxf8 30. cxb7 $16) 19... h6 (19... exf5 $6 20. g5 Bxc3 21. Bf4 $1
21... Be5 (21... Qe7 22. c7 $1 22... Ne8 23. Rd8 Bb7 24. Rxa8 $1 $18) 22. Bxe5
Qxe5 23. Rfe1 $1 (23. Rd8+ Ne8 24. c7 Kf8 25. Bc6 Bb7 26. Bxb7 26... Qxc7 $13)
23... Qc7 24. gxf6 Be6 25. Rxe6 $1 25... fxe6 26. Rd7 Qf4 (26... Qe5 27. f7+
Kf8 28. c7 Rc8 29. Rd8+ Kxf7 30. Rxc8 $18) 27. f7+ Kf8 28. Nd4 Qe3+ 29. Kg2
Qd2+ 30. Kf1 Qc1+ 31. Ke2 $18) 20. g5 hxg5 21. Bxg5 Bxc3 22. bxc3 exf5 (22...
Nd5 23. fxe6 fxe6 24. c4 $1 $18) 23. Bxf6 gxf6 24. Nd4 f4 (24... b5 25. Rfe1 $5
$16) 25. Rd2 Bh3 26. Bg2 Bxg2 (26... Bg4 27. Rdf2 $16) 27. Rxg2+ $16) 16. g5
Nd7 17. Bg2 Re8 (17... Na5 $6 18. Nd4 Nc4 19. Bc1 b5 20. axb5 axb5 21. b3 $1
21... Ne3 22. Ncxb5 $1 $18) (17... b5 $6 18. axb5 axb5 19. Qe2 $1 $16) 18. Rf3
18... Nc5 $6 (18... b5 19. axb5 axb5 20. Bf1 $1 $36) (18... Bf8 $5) (18... Bb7
$5) 19. Rh3 g6 20. Qg4 20... Nb4 $2 (20... Bf8 21. Rf1 $1 (21. Qh4 $6 21... h5
22. Bf3 (22. f5 $6 22... Ne5 $132) 22... Bg7 23. Bxh5 gxh5 24. Qxh5 $13) 21...
Ne7 (21... Bg7 $2 22. Qh4 h5 23. gxh6 $16) 22. Qh4 h5 23. gxh6 $16) (20... h5
$1 21. gxh6 $40 (21. Rxh5 $5 21... gxh5 22. Qxh5 Bf8 (22... Nd7 $2 23. g6 fxg6
24. Qxg6+ Kf8 25. f5 Bf6 26. fxe6 $18 26... Rxe6 27. Bh6+ Ke7 28. Nd5+) (22...
Bb7 23. f5 (23. Rf1 Bf8 24. Rf3 (24. f5 {- a3) 22... Bf8}) 24... Bg7 $132 25.
Rh3 Nxb3 26. cxb3 Nd4 27. Qh7+ Kf8 28. Bf2 Qc5 29. Rd3 $44) 23... Ne5 24. Nxc5
bxc5 25. f6 Bc6 26. Rf1 Rxb2 27. Rf4 27... Qd8 $3 (27... Ng6 $2 28. Rf3 28...
Qd8 $8 29. Rh3 Bxf6 30. gxf6 Qxf6 31. Qh7+ Kf8 32. Rf3 Qxf3 33. Bxf3 Ne5 (33...
Rxc2 34. Bh6+ Ke7 35. Bg5+ $18) 34. Bh5 $16 34... Rxc2 $2 35. Bg5 $1 $18) 28.
Bh3 $1 {e6!} 28... Bd7 (28... Rxc2 29. Bxe6 Rxc3 (29... Bxf6 30. Bxf7+ Nxf7 31.
Rxf6 $18) 30. Bxf7+ $1 $18) 29. fxe7 Qxe7 (29... Rxe7 30. Rh4 Ng6 31. Qh7+ Kf8
32. e5 $5 (32. Qh8+ $6 32... Nxh8 33. Rxh8+ Kg7 34. Rxd8 $14) 32... Qa5 33. Bd2
$1 33... c4 34. Qh6+ Ke8 35. Qh8+ Nf8 36. Ne4 Qxe5 37. Qxe5 $1 37... dxe5 38.
Nd6+ Kd8 39. Ba5+ $18) 30. Rh4 Ng6 31. Qh7+ Kf8 32. Bf5 exf5 33. Qh6+ $1 33...
Kg8 34. Nd5 Nxh4 35. Nf6+ Qxf6 36. gxf6 $18) 23. f5 $1 (23. e5 $6 23... d5 $8 (
23... dxe5 24. Nxc5 bxc5 25. Ne4 $18) 24. Nxc5 (24. g6 $6 24... fxg6 25. Qxg6+
Qg7 26. Qxe8 Bb7 27. Qh5 27... d4 $1 28. Nxc5 28... Bxc5 $1 29. Ne4 dxe3 30.
Nf6+ 30... Kf8 $17) (24. Bxd5 24... Ne7 $1 $132 (24... Nxe5 $2 25. fxe5 Qxe5
26. Bd4 $18) 25. Be4 (25. Nxc5 $2 25... exd5 $1 26. e6 $1 26... Bxe6 27. Nxe6
fxe6 28. Bd4 Nf5 29. Qh8+ Kf7 30. Qf6+ $11) 25... Bg7 26. Nxc5 bxc5 27. Qh7+
Kf8 28. h4 Nf5 29. Bxf5 exf5 30. Rd1 (30. Nd5 Qc6 31. Nf6 31... Rd8 $1 $13 (
31... Bb7 32. Bxc5+ $1 $18)) 30... Be6 $1 (30... Qc6 $2 31. h5 $1 $16 (31. Rd5
$6 31... Be6 32. Bxc5+ 32... Re7 $13)) 31. h5 Red8 32. Rxd8+ Rxd8 33. h6 33...
Bxe5 $132) 24... bxc5 (24... Nxe5 $2 25. N5e4 $1 $18) 25. Bxd5 25... Ne7 $1 (
25... exd5 26. Nxd5 $18) 26. Ne4 Nxd5 27. Nf6+ Nxf6 28. gxf6 $11) 23... Bb7 (
23... Ne5 24. Rf1 Bd7 25. f6 $1 (25. Rf4 $40) 25... Ng6 26. Rf3 e5 27. Bh3 $3
$18 {Bf5, Rh3!} (27. Nd5 27... Qc8 $13)) 24. Rf1 24... f6 $1 25. gxf6 (25. Qg6+
Qg7 26. gxf6 26... Ne5 $3 $132) 25... Qh7 (25... Qf7 26. Qg6+ $1 26... Qxg6 27.
fxg6 Red8 28. h4 $16) 26. Qg6+ 26... Kh8 $1 27. Nxc5 (27. Rf3 $2 27... Ne5 $19)
27... bxc5 28. f7 28... Re7 $13) 21... Kh7 {f5} 22. Rg3 {f5!} 22... Rg8 23. Rf1
$36) 21. Qh4 h5 22. Bf3 $1 22... Bf8 (22... Nxc2 23. Bxh5 $18) (22... Kg7 23.
f5 $1 23... exf5 24. Bd4+ $18) 23. Bxh5 gxh5 (23... Bg7 24. Bd4 $1 (24. Bxg6 $6
24... fxg6 25. Qh7+ Kf8 26. Bd4 $4 26... Bxd4+ $17) (24. Bd1 $5 $13) 24... e5
25. f5 exd4 (25... gxf5 26. Bxc5 bxc5 27. g6 $1 (27. Rf1 $2 27... f4 $13) 27...
Be6 (27... f6 28. Be2 f4 (28... Be6 29. exf5 Bxf5 30. Bc4+ Be6 31. Bxe6+ Rxe6
32. Rf1 Nxc2 (32... f5 33. Qh7+ Kf8 34. Rxf5+ $18) (32... d5 33. Rf5 d4 34. Rh5
$18) 33. Nd5 $18) 29. Bc4+ Kf8 30. Rd3 $1 30... Ke7 31. Qh7 $1 31... Kd8 32.
Rxd6+ Qxd6 33. Rd1 Qxd1+ 34. Nxd1 Rb7 35. Bf7 $18) 28. gxf7+ Bxf7 29. exf5 Qe7
30. Bxf7+ Qxf7 31. Rf1 Nxc2 32. Ne4 $18) 26. Bxg6 fxg6 (26... dxc3 27. Qh7+ Kf8
28. f6 fxg6 29. Rf1 Bf5 30. exf5 $18) 27. Qh7+ Kf8 28. Rf1 gxf5 29. exf5 Re1 (
29... dxc3 30. f6 Bxh3 31. fxg7+ Ke7 32. g8=Q+ Kd8 33. Qxe8+ Kxe8 34. Qxc7 $18)
30. Rxe1 dxc3 31. Rf1 Nxb3 32. f6 Qc5+ 33. Kh1 $1 (33. Rf2 $2 33... Qxg5+ $132)
33... Bb7+ 34. Rff3 $3 34... Bxf6 35. gxf6 $18) 24. Qxh5 Bg7 25. Bd4 e5 26. f5
26... Nxe4 $8 (26... exd4 27. Qh7+ Kf8 28. f6 Ne6 29. Qh8+ Bxh8 30. Rxh8#) 27.
Qh7+ Kf8 28. Nxe4 Bxf5 29. Qxf5 exd4 30. Nf6 $1 30... Qxc2 31. Nxd4 $1 $18
31... Qxb2 (31... Qxf5 32. Nxf5 Re5 33. Nd7+) (31... Qd2 32. Rf1 Qxd4+ 33. Kh1
Qc4 (33... Bxf6 34. gxf6) (33... Rb7 34. Nxe8) (33... Re7 34. Qh7 Bxf6 35. gxf6
Qd5+ 36. Rhf3) 34. Nd7+ Ke7 35. Re3+ Be5 (35... Kd8 36. Rxe8+ Kxe8 37. Nxb8)
36. Nxe5 dxe5 37. Qxe5+ Kd7 38. Rd1+ Kc6 39. Qd6+ Kb7 40. Qd7+ Qc7 41. Rxe8)
32. Rd1 $1 (32. Nd7+ Ke7 33. Re1+ Be5 (33... Kd8 34. Rxe8+ Kxe8 35. Re3+ Be5
36. Nxe5) 34. Nf3 $1 34... Qc2 35. Qxc2 Nxc2 36. Nxb8 Nxe1 37. Nc6+) 32... Re5
33. Nd7+ Ke7 34. Nxe5 Bxe5 35. Qe4 $1 1-0

[Event "Linares"]
[Site "Linares"]
[Date "1994.??.??"]
[Round "?"]
[White "Kasparov, Garry"]
[Black "Illescas, Cordoba Miguel"]
[Result "1-0"]
[WhiteElo "2805"]
[BlackElo "2590"]
[Annotator "Kasparov,G"]
[PlyCount "85"]
[EventDate "1994.??.??"]

{60/396} 1. c4 1... Nf6 2. Nc3 c5 3. g3 e6 4. Nf3 Nc6 5. Bg2 d5 6. cxd5 exd5 7.
d4 Be7 8. O-O O-O 9. Bg5 cxd4 10. Nxd4 h6 11. Be3 Re8 12. Rc1 Bf8 13. Nxc6 bxc6
14. Na4 Bd7 15. Bc5 Bxc5 16. Nxc5 Bg4 17. Re1 Qa5 18. h3 (18. Qc2 $2 18... Qxa2
$1 19. Ra1 19... Rxe2 $3) 18... Bf5 (18... Bh5 $5 19. Nd3 (19. a3 $5 19... Rab8
20. Nd3 Qb6 21. b4 $14) 19... Qxa2 20. Rxc6 20... Bg6 $1 21. Nf4 (21. Nb4 Qxb2
22. Nxd5 Nxd5 23. Bxd5 23... Be4 $1 $11) 21... Be4 22. f3 $5 (22. Rxf6 $6 22...
gxf6 23. Qd4 23... Re5 $1) (22. Qa1 22... Qb3 $1 $11) (22. Qd4 Bxg2 23. Kxg2 (
23. Rxf6 $6 23... Re4 24. Qxd5 Qxd5 25. Nxd5 25... gxf6 $15) 23... Re4 $132)
22... Bf5 23. Qd4 23... Be6 $1 24. Rec1 $14) 19. Qd4 $1 {N} (19. Qa4 {
- 56/(442)}) 19... Rab8 20. a3 Qb5 21. b3 $1 (21. b4 a5 22. Qf4 $5 (22. Bf1 Qb6
23. Qf4 (23. Nb3 $6 23... axb4 24. Qxb6 Rxb6 25. a4 Bd7 26. a5 Rb7 27. e3 Ne4
28. Red1 $15) 23... Bg6 $132) 22... Bg6 23. Nb3 axb4 24. Nd4 Qb7 25. Nxc6 25...
b3 $1 26. Nxb8 26... Qxb8 $1 $132) 21... Ne4 $6 (21... Rxe2 $4 22. Rxe2 Qxe2
23. Qf4 $18) (21... a5 $5 $132) 22. b4 $1 $16 22... a5 $8 23. Nxe4 Bxe4 24. Rc5
Qb6 25. bxa5 Qb2 26. Qxb2 Rxb2 27. Rxc6 (27. Bf1 $5 27... Ra8 $16) 27... Ra2 $2
(27... Bxg2 $1 28. Kxg2 {R 6/j} 28... Ra2 (28... Rexe2 $2 29. Rxe2 Rxe2 30. a6
Re8 (30... Re4 31. Rc8+ Kh7 32. a7 $18) 31. a7 Ra8 32. Rc7 $1 $18) 29. Rc3 $1 (
29. Ra6 $5 29... d4 $1 (29... Rexe2 $2 30. Rxe2 Rxe2 31. Rb6 $3 31... Re4 (
31... Ra2 $4 32. Rb3 $1 $18) (31... d4 $4 32. a6 $18) 32. Rb8+ $1 32... Kh7 33.
Rb4 Re6 34. Ra4 Ra6 35. Kf3 Kg6 36. Ke3 Kf6 37. Kd4 Ke6 38. Kc5 $18) 30. Ra7
30... d3 $1 $11 (30... Rxa3 $6 31. Rc1 $36)) (29. a6 Rxa3 30. Rb1 Rxe2 31. Rb8+
Kh7 32. Rb7 32... Re6 $11) (29. e3 Rxa3 30. Ra6 30... d4 $14) (29. Rd6 Rxa3 30.
Rxd5 30... Ra8 $14) (29. Rc5 Rxa3 (29... d4 30. Rd1 Rexe2 31. Rf5 Rxa3 32. Rxd4
g6 33. Rb5 Raa2 34. Rf4 Re7 35. Rb8+ Kg7 36. Ra8 $14) 30. Rd1 $1 (30. Rxd5
30... Ra8 $14) 30... Rxe2 31. Rdxd5 $14) 29... d4 (29... Ra8 30. Rb1 $1 30...
Rxe2 (30... Rxa5 $6 31. Rb8+ Kh7 32. Rb7 Rxe2 33. Rxf7 Re6 34. f4 d4 35. Rcc7
$18) (30... d4 $6 31. Rf3) 31. Rb5 $1 31... d4 32. Rf3 $16) 30. Rd3 Ra8 31.
Rxd4 Rxa3 32. Rb1 R3xa5 33. Rb7 33... R5a7 $14) 28. Rec1 $1 28... Rxa3 $2 (
28... Bxg2 $1 29. Rc8 $1 29... Rxc8 (29... Raxe2 $2 30. Kxg2 Kh7 (30... Kf8 31.
a6 R2e7 32. Rxe8+ Rxe8 (32... Kxe8 $2 33. Rc8+ Kd7 34. a7 $18) 33. a7 33... Ra8
$8 34. Rc7 $18) 31. Rxe8 Rxe8 32. Rc5 Rd8 33. Kf3 d4 (33... Kg6 34. Ke3 Kf6 35.
Kd4 $18) 34. Ke2 d3+ 35. Kd2 Rd4 36. Rf5 Ra4 (36... Kg6 37. Rf4 $18) 37. Kxd3
37... Kg6 $1 38. g4 Rxa3+ 39. Kc4 Rxh3 40. Kb4 Rh1 41. a6 Rb1+ 42. Ka5 $18) 30.
Rxc8+ Kh7 31. Kxg2 31... Rxa3 {R 6/f} (31... Rxe2 $2 32. a6 Re7 33. Kf3 $1
33... Kg6 34. Rd8 Ra7 35. Rd6+ f6 36. Ke3 Kf7 37. Kd4 Ke7 38. Rb6 $18) 32. Rc5
(32. Ra8 32... d4 $1 33. h4 $1 (33. g4 $2 33... g5 $1 $13) (33. f4 $2 33... Ra2
$1 34. Kf3 Ra3+ 35. Kf2 35... Ra2 $1 $132) (33. a6 $5 33... g5 $1 34. a7 (34.
f4 Ra2 35. Kf3 35... Ra3+ $13) 34... Kg7 35. h4 $1 35... g4 $1) 33... g5 $1 (
33... Ra2 $2 34. Kf3 Ra3+ 35. Ke4 Ra2 36. Kd3 $18) 34. a6 34... g4 $1 (34...
gxh4 $2 35. gxh4 Kg7 (35... d3 $2 36. exd3 Rxd3 37. Rf8 $18) 36. a7 Kf6 37. f3
$18) 35. h5 $1 (35. a7 35... h5 $11) 35... Kg7 36. a7 36... Kh7 $1 (36... Ra1
$2 37. Rd8 Rxa7 38. Rxd4 f5 39. Rd6 $18) 37. Rd8 Rxa7 38. Rxd4 38... Ra5 $1 39.
Rf4 (39. Rxg4 39... Rxh5 $13) 39... Rxh5 (39... f5 40. Rb4 $1 40... Kg7 41. Rb6
Re5 42. Rg6+ Kh7 43. Kf1 Ra5 44. Re6 Kg7 45. Kg2 Ra2 46. Rg6+ Kh7 47. Rf6 Ra5
48. f3 $18) 40. Rxf7+ Kg6 41. Rf4 Rg5 42. Rd4 h5 43. Rd6+ Kg7 44. f4 $1 44...
gxf3+ 45. exf3 $16) 32... d4 33. h4 $1 (33. Rd5 $2 33... g6 34. h4 h5 35. f4 $1
35... Kg7 (35... f5 $2 36. Rd7+ Kh6 (36... Kg8 37. Ra7 Ra2 (37... d3 38. exd3
Rxd3 39. a6 Ra3 40. Kf2 $18) 38. Kf1 Ra1+ 39. Kf2 Ra2 40. Ke1 $18) 37. Ra7 d3
38. exd3 Rxd3 39. a6 Ra3 40. Kf2 Ra2+ 41. Ke3 Ra3+ 42. Kd4 $1 42... Rxg3 43.
Rc7 Ra3 (43... Rf3 44. Ke5 Re3+ 45. Kf6 Ra3 46. a7 Ra6+ 47. Kf7 Kh7 48. Kf8+
Kh8 49. Ke8 (49. Rg7 Rf6+ 50. Rf7 Ra6 51. Ke8 Kg8) 49... g5 50. hxg5 $1 (50.
fxg5 f4 51. Kf8 f3 52. g6 Rxg6 53. Kf7 Rg8 54. Rc6 $1 54... Rg7+) 50... Kg8 (
50... h4 51. Kf8 h3 52. Rc3 $18) 51. Kd8 h4 52. Kc8 h3 53. Kb7 h2 54. Rc1 $18)
44. a7 Ra5 45. Kc4 $1 (45. Rd7 45... g5 $132) 45... g5 46. Kb4 Ra1 47. Kb5 $1
$18 {Rc6-a6}) 36. f5 Kf6 37. fxg6 fxg6 38. Rd6+ (38. Kf2 Ke6 39. Rg5 Kf6 40.
Ke1 Ra2 41. Kd1 41... Kf7 $11) 38... Kf5 39. a6 Ra2 40. Kf3 Ra3+ 41. Kf2 41...
Ra1 $1 {a1!} 42. Rb6 42... Ra3 {g3!} 43. Rc6 Ra1 44. Rd6 44... Ra3 $1 $11)
33... d3 (33... g6 34. g4 d3 35. exd3 Rxd3 36. a6 Ra3 37. Rc6 37... g5 $5 (
37... Kg7 $2 38. g5 $1 $18 {f6!}) 38. h5 Kg7 39. Kf1 Ra4 40. f3 Ra2 41. Ke1 Ra3
(41... Kh7 $6 42. Kd1 Kg7 43. Kc1 Ra3 44. Kb2 $18) 42. Ke2 $1 42... Kh7 43. Kd2
$1 43... Rxf3 44. Kc2 Ra3 (44... f5 45. Rc7+ Kh8 46. a7 $18) 45. Kb2 Ra5 46.
Kb3 f5 (46... Kg7 47. Kb4 Ra1 48. Kb5 $18) 47. Rc7+ $1 (47. gxf5 $2 47... g4
$13) 47... Kg8 48. a7 fxg4 49. Rb7 g3 50. Rb8+ Kf7 51. a8=Q Rxa8 52. Rxa8 Kf6
53. Kc3 Kf5 54. Kd3 Kg4 55. Ke2 $18) 34. exd3 Rxd3 35. h5 $16) 29. Rc8 Rxc8 (
29... Kf8 30. Rxe8+ Kxe8 31. Bxe4 dxe4 32. Rc5 Kd7 33. e3 Kd6 34. Rf5 f6 35. g4
$1 {e4} 35... Ra1+ 36. Kg2 Ke6 37. Kg3 g5 38. Rb5 Rg1+ 39. Kh2 Ra1 40. Rb6+ Kf7
41. Ra6 Ra2 42. Kg3 Ra3 43. Ra8 Kg6 44. a6 Kg7 45. h4 Ra5 46. h5 Ra3 47. a7 Kh7
48. f3 $1 48... Kg7 49. fxe4 Rxe3+ 50. Kf2 Ra3 51. Ke2 Kh7 52. Kd2 Kg7 53. Kc2
Kh7 54. Kb2 Ra6 55. Kc3 Kg7 56. Kb4 Kh7 (56... Ra1 57. Kc5 Rc1+ (57... Ra2 58.
Kc6 Rc2+ 59. Kd6 Ra2 60. Rc8 Rxa7 61. Rc7+ Rxc7 62. Kxc7 $18) 58. Kd6 Ra1 (
58... Rd1+ 59. Ke6 Ra1 60. Rd8 $18) 59. Rc8 $18) 57. Kb5 Ra1 58. Kc6 Rc1+ (
58... Kg7 59. Rd8 $1 $18) 59. Kd7 Ra1 60. Ke6 Kg7 61. Rd8 Ra6+ 62. Rd6 $18) 30.
Rxc8+ Kh7 31. f3 $1 31... Bf5 $6 (31... Bg6 32. Rc5 d4 33. g4 $16) 32. Rc5 $18
32... Be6 33. Kf2 g5 34. f4 gxf4 35. gxf4 d4 36. Be4+ Kg7 37. f5 Ba2 38. Bd3 $1
38... Kf6 39. a6 Ke7 40. Rc6 f6 41. Rc7+ Kd6 42. Rh7 Ra4 43. Rxh6 1-0

[Event "Linares"]
[Site "Linares"]
[Date "1994.??.??"]
[Round "?"]
[White "Kasparov, Garry"]
[Black "Ivanchuk, Vassily"]
[Result "1-0"]
[WhiteElo "2805"]
[BlackElo "2710"]
[Annotator "Kasparov,G"]
[PlyCount "77"]
[EventDate "1994.??.??"]

{60/420} 1. d4 1... Nf6 2. c4 c6 3. Nc3 d5 4. Nf3 e6 5. Bg5 dxc4 6. e4 b5 7. e5
h6 8. Bh4 g5 9. Nxg5 hxg5 10. Bxg5 Nbd7 11. exf6 Bb7 12. g3 c5 13. d5 Nxf6 14.
Bg2 14... Bh6 {N} (14... Be7 {- 59/(465)}) 15. Bxf6 Qxf6 16. O-O (16. Nxb5 Qe5+
17. Qe2 Qxe2+ (17... Bd2+ $2 18. Kf1 $1 $16) 18. Kxe2 O-O-O 19. Nxa7+ Kb8 20.
Nc6+ Bxc6 21. dxc6 21... Rd2+ $132) 16... O-O-O 17. Nxb5 exd5 (17... a6 $5 18.
Nc3 18... exd5 $132) 18. Nxa7+ Kb8 19. Nb5 Bg7 20. a4 $1 20... Qh6 $6 (20...
Rh6 $5) 21. h4 Bf6 (21... Bxb2 $6 22. Rb1 c3 23. Qb3 Qb6 24. a5 Qxa5 25. Nxc3
$1 25... Qxc3 26. Qb5 $1 26... Qb4 27. Rxb2 Qxb5 28. Rxb5 $18) (21... Qg6 $5)
22. Qe1 $1 22... Bxh4 23. Qa5 (23. Qe5+ $1 23... Ka8 24. Qc7 $18) 23... Be7 (
23... Qc6 $5 24. Qa7+ (24. gxh4 $6 24... Rdg8 25. f3 25... Rxg2+ $1 26. Kxg2
Qg6+ 27. Kf2 Qc2+ 28. Ke3 Re8+ 29. Kf4 Qh2+) 24... Kc8 25. Bh3+ Rd7 26. Qa5 $1
{Na7} 26... Kb8 27. Bxd7 Qxd7 28. Qa7+ Kc8 29. Qxc5+ Kb8 30. Qd4 $1 $18) 24.
Qc7+ Ka8 25. Qa5+ Kb8 26. Qc7+ Ka8 27. Rfe1 $1 $18 27... Bd6 28. Qb6 Bb8 29. a5
$1 29... Rd7 (29... Qc6 30. Re7 Rhe8 (30... Rd7 31. Qxc6 $1 31... Bxc6 32. Rxd7
$1 32... Bxd7 33. Bxd5+) 31. a6 $1) 30. Re8 $3 30... Qh2+ 31. Kf1 Qxg2+ (31...
Rxe8 32. a6) 32. Kxg2 d4+ 33. Qxb7+ Rxb7 34. Rxh8 Rxb5 35. a6 Ka7 36. Rf8 Rxb2
37. Rxf7+ Ka8 38. a7 c3 39. Rf8 $1 1-0

[Event "Linares"]
[Site "Linares"]
[Date "1994.??.??"]
[Round "?"]
[White "Kasparov, Garry"]
[Black "Karpov, Anatoly"]
[Result "1/2-1/2"]
[WhiteElo "2805"]
[BlackElo "2740"]
[Annotator "Karpov,An"]
[PlyCount "81"]
[EventDate "1994.??.??"]

{60/139} 1. e4 1... c6 2. d4 d5 3. Nd2 dxe4 4. Nxe4 Nd7 5. Bc4 Ngf6 6. Ng5 e6
7. Qe2 Nb6 8. Bb3 h6 9. N5f3 a5 10. c3 10... c5 $1 {N} 11. a3 11... Qc7 $1 12.
Ne5 (12. dxc5 Bxc5 13. Ne5 $2 13... Bxf2+ $1 14. Kxf2 Qxe5 15. Qxe5 15... Ng4+
$17) 12... cxd4 13. cxd4 a4 (13... Bxa3 $5 14. Bxh6 Bxb2 (14... Bb4+ $5 15. Bd2
Bxd2+ 16. Qxd2 a4) (14... Rxh6 15. Rxa3 Qc1+ 16. Bd1 16... Nfd5 $13) 15. Qxb2
Rxh6 16. Ngf3 $44) 14. Bc2 (14. Ba2 $2 14... Bxa3 $1 $17) 14... Bd7 15. Nxd7 $8
(15. Bd3 $6 15... Bxa3 $1) (15. Ngf3 Rc8 16. Bd3 (16. Nxd7 16... Nfxd7 $1)
16... Qxc1+ $1) 15... Nbxd7 16. Qd1 (16. Nf3 $5 16... Bd6 (16... Rc8 $6 17.
Bxa4 Qxc1+ 18. Rxc1 Rxc1+ 19. Bd1)) 16... Bd6 (16... b5 $5 17. Ne2 Qc6 18. O-O
18... Nb6 $15) 17. Ne2 17... Nd5 $1 18. Bd2 b5 19. Nc3 Nxc3 20. Bxc3 (20. bxc3
$6) 20... Nf6 21. Qd3 21... Nd5 $1 22. Bd2 (22. Qxb5+ 22... Ke7 $1 $44) 22...
Ke7 $1 23. Rc1 Qc4 24. Ke2 $2 (24. g3 $1 {Ke2}) 24... Rhb8 $6 (24... Nf4+ $1
25. Bxf4 Bxf4 26. Rcd1 (26. Qxc4 26... bxc4 $17 27. Rb1 Rhd8 28. Rhd1 28... Bg5
$1 (28... f5 29. h4 $1 (29. g3 29... Bg5 {Q 28... Bg5})) 29. g3 f5 30. f4 Bf6
31. Ke3 (31. d5 $6 31... exd5 32. Bxf5 Kd6) 31... Ra5 $1 32. Rd2 32... Rb8 $1
33. Bd1 c3 34. Rc2 34... Rd5 $1 $19) 26... Rhd8 $1 27. Kf3 $8 27... Bg5 28.
Rhe1 28... Rac8 $17 (28... Bf6 $17)) 25. g3 $1 25... Qxd3+ 26. Bxd3 b4 27. Ra1
$1 $15 27... bxa3 28. bxa3 Rb3 (28... Rb2 29. Rhc1 $11) 29. Bc2 Rxa3 30. Rxa3
Bxa3 31. Ra1 Bb2 32. Rxa4 Rxa4 33. Bxa4 Bxd4 34. f4 Kd6 35. Kf3 f5 36. h4 Bb2
37. g4 fxg4+ 38. Kxg4 Nf6+ 39. Kf3 Nd5 40. Bc2 Bf6 41. h5 1/2-1/2